000
00265nam a2200097Ia 4500
008
230915s9999 xx 000 0 und d
050
_a
HC79.E5 B68
100
_a
Bethlehem, Lael
245
4
_a
The Bottom Line: Industry and The Environment In South Africa
942
_c
BK
999
_c
74811
_d
74811